<?xml version="1.0" encoding="UTF-8"?><?xml-stylesheet type="text/xsl" href="static/style.xsl"?><OAI-PMH xmlns="http://www.openarchives.org/OAI/2.0/" xmlns:xsi="http://www.w3.org/2001/XMLSchema-instance" xsi:schemaLocation="http://www.openarchives.org/OAI/2.0/ http://www.openarchives.org/OAI/2.0/OAI-PMH.xsd"><responseDate>2026-04-18T00:33:49Z</responseDate><request verb="GetRecord" identifier="oai:www.recercat.cat:2072/418115" metadataPrefix="marc">https://recercat.cat/oai/request</request><GetRecord><record><header><identifier>oai:recercat.cat:2072/418115</identifier><datestamp>2024-12-17T02:40:18Z</datestamp><setSpec>com_2072_98</setSpec><setSpec>col_2072_378193</setSpec></header><metadata><record xmlns="http://www.loc.gov/MARC21/slim" xmlns:dcterms="http://purl.org/dc/terms/" xmlns:xsi="http://www.w3.org/2001/XMLSchema-instance" xmlns:doc="http://www.lyncode.com/xoai" xsi:schemaLocation="http://www.loc.gov/MARC21/slim http://www.loc.gov/standards/marcxml/schema/MARC21slim.xsd">
   <leader>00925njm 22002777a 4500</leader>
   <datafield ind2=" " ind1=" " tag="042">
      <subfield code="a">dc</subfield>
   </datafield>
   <datafield ind2=" " ind1=" " tag="720">
      <subfield code="a">Camps i Rabadà, Jaume</subfield>
      <subfield code="e">author</subfield>
   </datafield>
   <datafield ind2=" " ind1=" " tag="260">
      <subfield code="c">2015</subfield>
   </datafield>
   <datafield ind2=" " ind1=" " tag="520">
      <subfield code="a">La fecha de seiscientos años, dC, o sea, de nuestra era, podría ser perfectamente otra, pero la he escogido por varias coincidencias curiosas, así como para servirnos como ejemplo de tres opciones de sociedades, aunque lejanas en el tiempo (Son 1.400 años--), e incluso por la distancia (Una vuelta al mundo…). Pero todas ellas, a pesar de haber sido, y son aún, muy distintas, tienen puntos clave que son coincidentes. Los tres apartados, en que divido este escrito, ocurrieron en una misma época, pero de hechos curiosos y poco conocidos, en la que existen coincidencias que han marcado el rumbo general de las sociedades formadas, aunque debemos admitir los grandes altibajos que han existido, y que nos ha ido reportando toda la Historia. Han sido 14 siglos (catorce), los que han transcurrido, en los que, seguramente, los tres ejemplos nos han influenciado. Lo creo muy posible. ¡ Comparémoslos !.</subfield>
   </datafield>
   <datafield tag="653" ind2=" " ind1=" ">
      <subfield code="a">Història</subfield>
   </datafield>
   <datafield tag="653" ind2=" " ind1=" ">
      <subfield code="a">Segle VII</subfield>
   </datafield>
   <datafield ind2="0" ind1="0" tag="245">
      <subfield code="a">Pasó en el año 600 dc en tres continentes. Emperador Yang Guang, en China. (Asia) Rey Recaredo I, en Hispania. (Europa) Señor Pakal, entre los Mayas. (América)</subfield>
   </datafield>
</record></metadata></record></GetRecord></OAI-PMH>